000 00533nam a2200181Ia 4500
999 _c13743
_d13743
003 OSt
005 20201021125747.0
008 190216s9999||||xx |||||||||||||| ||und||
020 _a0195625420
040 _coclc
082 _a181.4
_bSIN/S
100 _aSinari, Ramakant A
_95981
245 4 _aThe Structure Of Indian Thought /
_cRamakant A Sinari
260 _bOxford University Press ,
_c1984.
_aNew Delhi:
300 _a274p
650 _aEnglish General
942 _cBK
_2ddc
_h181.4
_iSIN/S
_k181.4
_mSIN/S